[Event "Aragon-chT Preferente Gr I"]
[Site "Aragon"]
[Date "2023.02.04"]
[Round "2.42"]
[White "Jario Garcia, Ricardo Javier"]
[Black "Santorroman Jovellar, Javier"]
[Result "1-0"]
[WhiteElo "2005"]
[BlackElo "1658"]
[PlyCount "59"]
[EventDate "2023.01.28"]
[EventType "team-tourn"]
[EventRounds "9"]
[EventCountry "ESP"]
[SourceTitle "EXT 2024"]
[Source "ChessBase"]
[SourceDate "2023.10.10"]
[SourceVersion "1"]
[SourceVersionDate "2023.10.10"]
[SourceQuality "1"]
[WhiteTeam "Marcos Frechin II"]
[BlackTeam "Enroque Barbastro"]
[WhiteTeamCountry "ESP"]
[BlackTeamCountry "ESP"]

1. e4 c6 2. d4 d5 3. exd5 cxd5 4. c4 Nf6 5. Nc3 e6 6. Nf3 Bb4 7. a3 Bxc3+ 8. bxc3 0-0 9. Bg5 Nbd7 10. Bd3 dxc4 11. Bxc4 Qa5 12. 0-0 Ne4 13. Bd2 Nxd2 14. Qxd2 Nf6 15. Qb2 b6 16. Ne5 Bb7 17. Bb5 Rac8 18. Nc4 Rxc4 19. Bxc4 Qh5 20. f3 Re8 21. Bd3 Nd5 22. Rac1 Nf4 23. Qd2 g5 24. Rfe1 Nh3+ 25. gxh3 Qxf3 26. Re3 Qh1+ 27. Kf2 Qxh2+ 28. Ke1 Qh1+ 29. Bf1 Ba6 30. Qg2 1-0

[Event "Aragon-chT Honor GrA"]
[Site "Aragon"]
[Date "2017.02.18"]
[Round "4.9"]
[White "Forcen Esteban, Daniel"]
[Black "Jario Garcia, Ricardo Javier"]
[Result "1-0"]
[WhiteElo "2541"]
[BlackElo "2102"]
[PlyCount "117"]
[EventDate "2017.01.28"]
[EventType "team-tourn"]
[EventRounds "7"]
[EventCountry "ESP"]
[SourceTitle "EXT 2018"]
[Source "ChessBase"]
[SourceDate "2017.10.13"]
[SourceVersion "1"]
[SourceVersionDate "2017.10.13"]
[SourceQuality "1"]
[WhiteTeam "Jaime Casas"]
[BlackTeam "Marcos Frechin"]
[WhiteTeamCountry "ESP"]
[BlackTeamCountry "ESP"]

1. Nf3 Nf6 2. c4 e6 3. b3 d5 4. Bb2 c5 5. e3 Nc6 6. cxd5 exd5 7. Bb5 Be7 8. 0-0 0-0 9. d4 Bg4 10. Be2 Re8 11. Nc3 Bxf3 12. Bxf3 cxd4 13. exd4 Qd7 14. Qd3 Rad8 15. Rac1 Bf8 16. a3 g6 17. b4 Bg7 18. Bd1 Ne4 19. Na4 Bh6 20. f4 Bg7 21. Nc5 Nxc5 22. Rxc5 Qe7 23. Bf3 Qe3+ 24. Qxe3 Rxe3 25. Rxd5 Rxd5 26. Bxd5 Nxd4 27. Rd1 Ne2+ 28. Kf2 Nc3 29. Bxc3 Rxc3 30. Bxb7 Rc7 31. Rd8+ Bf8 32. Bd5 Kg7 33. Ke2 Be7 34. Ra8 Bf6 35. Rb8 Bb2 36. a4 Bc3 37. Kd3 h5 38. g3 Kf6 39. a5 Be1 40. Ke2 Bc3 41. Kf3 Bd2 42. h3 Bc3 43. Ke4 Be1 44. g4 hxg4 45. hxg4 g5 46. a6 Bf2 47. b5 gxf4 48. Kxf4 Bg1 49. g5+ Kg7 50. Rd8 Re7 51. Kf3 Bb6 52. Rd6 Bc5 53. Rc6 Bg1 54. Be4 Bd4 55. Rd6 Bc5 56. Rh6 Bd4 57. Rh7+ Kf8 58. Bd5 Kg8 59. g6 1-0

[Event "Aragon-chT Preferente B"]
[Site "Aragon"]
[Date "2014.03.22"]
[Round "9.58"]
[White "Sanmiguel Mateo, Luis"]
[Black "Jario Garcia, Ricardo Javier"]
[Result "1/2-1/2"]
[WhiteElo "1900"]
[BlackElo "2120"]
[PlyCount "63"]
[EventDate "2014.01.25"]
[EventType "team-tourn"]
[EventRounds "9"]
[EventCountry "ESP"]
[SourceTitle "EXT 2015"]
[Source "ChessBase"]
[SourceDate "2014.11.20"]
[SourceVersion "1"]
[SourceVersionDate "2014.11.20"]
[SourceQuality "1"]
[WhiteTeam "Calatayud"]
[BlackTeam "Marcos Frechin"]
[WhiteTeamCountry "ESP"]
[BlackTeamCountry "ESP"]

1. d4 Nf6 2. Bg5 g6 3. Bxf6 exf6 4. c4 Bg7 5. Nc3 0-0 6. g3 d6 7. Bg2 c6 8. e3 Bd7 9. Nge2 Qc8 10. Nf4 Re8 11. h4 Bg4 12. Qb3 Nd7 13. Ne4 Qc7 14. 0-0 Nf8 15. Rac1 Rad8 16. c5 d5 17. Nd6 Re7 18. Bxd5 g5 19. Bxf7+ Rxf7 20. Nxf7 Qxf7 21. Qxf7+ Kxf7 22. hxg5 fxg5 23. Ng2 Bf3 24. b4 a6 25. a4 Ne6 26. Rb1 Nc7 27. Rfc1 Bf6 28. Rb2 h5 29. Ne1 Be4 30. f3 Bd5 31. Kf2 Be6 32. Rd1 1/2-1/2

[Event "Aragon-chT Preferente Ascenso"]
[Site "Aragon"]
[Date "2012.04.15"]
[Round "11.34"]
[White "Jario Garcia, Ricardo Javier"]
[Black "Gella Lopez, Angel"]
[Result "0-1"]
[WhiteElo "2128"]
[BlackElo "2080"]
[PlyCount "102"]
[EventDate "2012.02.04"]
[EventType "team-tourn"]
[EventRounds "2"]
[EventCountry "ESP"]
[SourceTitle "EXT 2014"]
[Source "ChessBase"]
[SourceDate "2013.11.20"]
[SourceVersion "1"]
[SourceVersionDate "2013.11.20"]
[SourceQuality "1"]
[WhiteTeam "Marcos Frechin"]
[BlackTeam "Atl Huesca"]
[WhiteTeamCountry "ESP"]
[BlackTeamCountry "ESP"]

1. e4 c5 2. Nf3 e6 3. c3 Nf6 4. e5 Nd5 5. d4 cxd4 6. cxd4 b6 7. a3 Bb7 8. Bd3 d6 9. 0-0 Nd7 10. Re1 Be7 11. Nbd2 dxe5 12. dxe5 0-0 13. Ne4 Nc5 14. Nxc5 bxc5 15. Qc2 h6 16. Qc4 Nb6 17. Qb3 Bd5 18. Qd1 c4 19. Bb1 Bxf3 20. Qxf3 Bg5 21. Qe4 g6 22. Bxg5 Qxg5 23. h4 Qh5 24. Bc2 Rfd8 25. g3 Rd2 26. Bd1 Qf5 27. Qxf5 gxf5 28. Bf3 Rb8 29. Re2 Rd3 30. Kg2 Na4 31. Rc2 Rxb2 32. Rxc4 Rdd2 33. Rf1 Nb6 34. Rc7 a5 35. Rcc1 Ra2 36. Ra1 Rxf2+ 37. Rxf2 Rxa1 38. Rc2 Rxa3 39. Rc7 Rd3 40. Ra7 a4 41. Bh5 Nd7 42. Rxa4 Nxe5 43. Be2 Rd2 44. Kf1 Kg7 45. Ra5 Ng4 46. Ra4 Nf6 47. Ra3 Rc2 48. Bd3 Rb2 49. Be2 Ne4 50. Re3 Rc2 51. Bd3 Rc3 0-1

[Event "Aragon-chT Preferente B"]
[Site "Aragon"]
[Date "2012.02.04"]
[Round "1.54"]
[White "Gella Lopez, Angel"]
[Black "Jario Garcia, Ricardo Javier"]
[Result "0-1"]
[WhiteElo "2080"]
[BlackElo "2128"]
[PlyCount "70"]
[EventDate "2012.02.04"]
[EventType "team"]
[EventRounds "9"]
[EventCountry "ESP"]
[SourceTitle "EXT 2014"]
[Source "ChessBase"]
[SourceDate "2013.11.20"]
[SourceVersion "1"]
[SourceVersionDate "2013.11.20"]
[SourceQuality "1"]
[WhiteTeam "Atl Huesca"]
[BlackTeam "Marcos Frechin"]
[WhiteTeamCountry "ESP"]
[BlackTeamCountry "ESP"]

1. d4 d5 2. c4 dxc4 3. Nf3 Nf6 4. e3 e6 5. Bxc4 a6 6. 0-0 c5 7. Nc3 Nc6 8. Qe2 b5 9. Bb3 Bb7 10. Rd1 Qc7 11. d5 exd5 12. Nxd5 Nxd5 13. Bxd5 Be7 14. e4 0-0 15. Be3 Nb4 16. Bf4 Qb6 17. Bxb7 Qxb7 18. a4 c4 19. Bd6 Bxd6 20. Rxd6 Rfe8 21. e5 Nd3 22. e6 fxe6 23. Rxe6 Qf7 24. Ng5 Rxe6 25. Qxe6 Qxe6 26. Nxe6 b4 27. Rb1 Re8 28. Nc7 Re2 29. Nd5 a5 30. Ne3 Rxb2 31. Rd1 c3 32. Nc4 c2 33. Nxb2 Nxb2 34. Rd8+ Kf7 35. Rc8 b3 0-1

[Event "Aragon-chT Preferente"]
[Site "Spain"]
[Date "2010.01.30"]
[Round "2.30"]
[White "Garcia Ramon, Ricardo1111"]
[Black "Jario Garcia, Ricardo Javier"]
[Result "1/2-1/2"]
[WhiteElo "2084"]
[BlackElo "2138"]
[PlyCount "71"]
[EventDate "2010.01.23"]
[EventType "team-swiss"]
[EventRounds "12"]
[EventCountry "ESP"]
[SourceTitle "EXT 2013"]
[Source "ChessBase"]
[SourceDate "2012.11.22"]
[SourceVersion "1"]
[SourceVersionDate "2012.11.22"]
[SourceQuality "1"]
[WhiteTeam "IberCaja VI"]
[BlackTeam "Marcos Frechin"]
[WhiteTeamCountry "ESP"]
[BlackTeamCountry "ESP"]

1. Nf3 Nf6 2. g3 e6 3. c4 d5 4. Bg2 Be7 5. 0-0 0-0 6. b3 Nbd7 7. Bb2 Rb8 8. d4 c5 9. Ne5 dxc4 10. Nxc4 b5 11. Ne5 Nxe5 12. dxe5 Nd5 13. Nc3 Nxc3 14. Bxc3 Bb7 15. Qxd8 Bxd8 16. Rfd1 Bb6 17. Rd6 Rfd8 18. Rxd8+ Bxd8 19. Rd1 Bxg2 20. Kxg2 Kf8 21. Kf3 Ke7 22. g4 Rb7 23. Ke4 Rd7 24. Rd6 Bb6 25. f4 g6 26. Rxd7+ Kxd7 27. f5 c4 28. fxg6 fxg6 29. Kf4 cxb3 30. axb3 Kc6 31. Kg5 Be3+ 32. Kf6 Kd5 33. h3 a6 34. Bb4 Bd4 35. Bd6 Be3 36. Bb4 1/2-1/2

[Event "Aragon-chT Autonomico"]
[Site "Aragon"]
[Date "2007.03.24"]
[Round "9"]
[White "Gella Lopez, Angel"]
[Black "Jario Garcia, Ricardo Javier"]
[Result "0-1"]
[WhiteElo "2106"]
[BlackElo "2161"]
[PlyCount "106"]
[EventDate "2007.01.27"]
[EventType "team"]
[EventRounds "9"]
[EventCountry "ESP"]
[SourceTitle "EXT 2008"]
[Source "ChessBase"]
[SourceDate "2007.11.25"]
[SourceVersion "1"]
[SourceVersionDate "2007.11.25"]
[SourceQuality "1"]
[WhiteTeam "Huesca Club Atletismo"]
[BlackTeam "Marcos Frechin"]
[WhiteTeamCountry "ESP"]
[BlackTeamCountry "ESP"]

1. d4 e6 2. c4 Nf6 3. g3 b6 4. Bg2 d5 5. Nf3 Ba6 6. Ne5 Bb4+ 7. Nc3 0-0 8. 0-0 Bxc3 9. bxc3 Ne4 10. Qc2 Bb7 11. cxd5 exd5 12. Ba3 Re8 13. Rad1 Nd7 14. c4 Ndf6 15. f3 Nd6 16. c5 Nb5 17. Bb2 c6 18. a4 Nc7 19. cxb6 axb6 20. e4 Ne6 21. Rfe1 Qd6 22. Qb3 c5 23. Qa3 b5 24. a5 b4 25. Qa1 c4 26. Nxc4 dxc4 27. e5 Qd5 28. exf6 c3 29. Bc1 Rxa5 30. Qb1 Ra2 31. Qd3 Rc8 32. Re5 Qd6 33. Rh5 g6 34. Re5 b3 35. Rde1 Raa8 36. d5 Nf8 37. Bf4 Qxf6 38. Bg5 Qb6+ 39. Be3 Qc7 40. d6 Qc4 41. Qxc4 Rxc4 42. Re7 Bc6 43. Bf1 Rca4 44. Bh6 Ra1 45. Rxa1 Rxa1 46. Kf2 Rd1 47. Bc4 Ne6 48. Bxe6 fxe6 49. Rg7+ Kf8 50. Rc7+ Ke8 51. Rxc6 b2 52. Rb6 b1Q 53. Rxb1 Rxb1 0-1

[Event "Aragon-chT Autonomico"]
[Site "Aragon"]
[Date "2007.02.03"]
[Round "2"]
[White "Chueca Forcen, Alberto"]
[Black "Jario Garcia, Ricardo Javier"]
[Result "1-0"]
[WhiteElo "2110"]
[BlackElo "2161"]
[PlyCount "101"]
[EventDate "2007.01.27"]
[EventType "team"]
[EventRounds "9"]
[EventCountry "ESP"]
[SourceTitle "EXT 2008"]
[Source "ChessBase"]
[SourceDate "2007.11.25"]
[SourceVersion "1"]
[SourceVersionDate "2007.11.25"]
[SourceQuality "1"]
[WhiteTeam "CAI Olivar II"]
[BlackTeam "Marcos Frechin"]
[WhiteTeamCountry "ESP"]
[BlackTeamCountry "ESP"]

1. d4 e6 2. c4 Nf6 3. Nc3 d5 4. cxd5 exd5 5. Bg5 Nbd7 6. e3 Bb4 7. Bd3 c5 8. Nge2 c4 9. Bc2 0-0 10. 0-0 Qa5 11. a3 Bd6 12. Bf4 Qa6 13. Bxd6 Qxd6 14. Ng3 Rd8 15. Nf5 Qf8 16. Qf3 Nb6 17. h3 Bxf5 18. Qxf5 Qd6 19. Ne2 Nc8 20. Rfd1 Rb8 21. Nf4 h6 22. g4 Ne7 23. Qe5 Nc6 24. Qxd6 Rxd6 25. Kg2 b5 26. Rdb1 a5 27. b4 axb4 28. axb4 Rdd8 29. Ra6 Rdc8 30. Bf5 Rc7 31. Ne2 g6 32. Bc2 Rcc8 33. Nc3 Kg7 34. Bd1 Ra8 35. Rxa8 Rxa8 36. Bf3 Ra3 37. Nxd5 Nxd5 38. Bxd5 Ne7 39. Be4 f5 40. gxf5 gxf5 41. Bf3 Rb3 42. Ra1 c3 43. Ra7 Kf6 44. Rc7 Rxb4 45. Rxc3 Ke6 46. Ra3 Ra4 47. Rb3 b4 48. Be2 Nd5 49. Bc4 Kd6 50. Kf3 Kc6 51. Rb2 1-0

[Event "San Sebastian op 14th"]
[Site "San Sebastian"]
[Date "2004.09.26"]
[Round "3"]
[White "Jario Garcia, Ricardo Javier"]
[Black "Mirzoev, Azer"]
[Result "0-1"]
[WhiteElo "2159"]
[BlackElo "2513"]
[PlyCount "71"]
[EventDate "2004.09.26"]
[EventType "swiss"]
[EventRounds "7"]
[EventCountry "ESP"]
[SourceTitle "CBM 102 Extra"]
[Source "ChessBase"]
[SourceDate "2004.11.03"]
[SourceVersion "1"]
[SourceVersionDate "2004.11.03"]
[SourceQuality "1"]

1. e4 c5 2. c3 Nf6 3. e5 Nd5 4. d4 cxd4 5. cxd4 d6 6. Nf3 Nc6 7. exd6 Qxd6 8. Nc3 e6 9. Bc4 Be7 10. 0-0 0-0 11. Re1 Rd8 12. Bb3 Nf6 13. Be3 b6 14. a3 Bb7 15. Qd3 Na5 16. Bc2 Bxf3 17. gxf3 g6 18. Rad1 Rac8 19. Bb1 Nc4 20. Re2 Qb8 21. Qc2 b5 22. Qb3 a6 23. Bd3 Nd5 24. a4 Na5 25. Qa2 Rxc3 26. bxc3 Nxc3 27. Qd2 b4 28. Bxa6 Qa8 29. Bd3 Qxf3 30. Ra1 Nb3 31. Qe1 Nxa1 32. Rb2 Qg4+ 33. Kh1 Rd5 34. Qxa1 Qf3+ 35. Kg1 Bd6 36. Bf1 0-1

[Event "Aragon-chT"]
[Site "Spain"]
[Date "2004.02.21"]
[Round "4"]
[White "Jario Garcia, Ricardo Javier"]
[Black "Guzman Moneo, Alberto"]
[Result "0-1"]
[WhiteElo "2181"]
[BlackElo "2183"]
[PlyCount "74"]
[EventDate "2004.01.??"]
[EventType "team"]
[EventRounds "11"]
[EventCountry "ESP"]
[SourceTitle "EXT 2006"]
[Source "ChessBase"]
[SourceDate "2005.11.24"]
[SourceVersion "1"]
[SourceVersionDate "2005.11.24"]
[SourceQuality "1"]

1. e4 c5 2. Nf3 Nc6 3. d4 cxd4 4. Nxd4 g6 5. Nc3 Bg7 6. Be3 Nf6 7. f3 0-0 8. Bc4 Qb6 9. Bb3 Nxe4 10. fxe4 Bxd4 11. Bxd4 Qxd4 12. Qxd4 Nxd4 13. Nd5 Nc6 14. 0-0-0 Kg7 15. Ba4 e6 16. Bxc6 bxc6 17. Ne7 d5 18. Nxc6 dxe4 19. Rd4 f5 20. Rhd1 Kf6 21. b4 Rf7 22. b5 Rc7 23. Nb4 a5 24. Nc6 Bb7 25. Rd7 Rxc6 26. bxc6 Bxc6 27. Rc7 Bb5 28. c4 Ba4 29. Re1 Rd8 30. Re2 Rd1+ 31. Kb2 Rd3 32. Rxh7 e3 33. Re1 f4 34. Ra7 Bc6 35. Rxa5 Bxg2 36. Kc2 Be4 37. Kc1 f3 0-1

[Event "Aragon-chT"]
[Site "Spain"]
[Date "2004.??.??"]
[Round "?"]
[White "Jario Garcia, Ricardo Javier"]
[Black "Salamero Pelay, Fernando"]
[Result "0-1"]
[WhiteElo "2181"]
[BlackElo "2199"]
[PlyCount "48"]
[EventDate "2004.01.??"]
[EventType "team"]
[EventRounds "11"]
[EventCountry "ESP"]
[SourceTitle "EXT 2006"]
[Source "ChessBase"]
[SourceDate "2005.11.24"]
[SourceVersion "1"]
[SourceVersionDate "2005.11.24"]
[SourceQuality "1"]

1. e4 Nf6 2. e5 Nd5 3. c4 Nb6 4. c5 Nd5 5. d4 d6 6. cxd6 cxd6 7. Bc4 Nb6 8. Bb5+ Bd7 9. e6 fxe6 10. Bd3 g6 11. h4 Bc6 12. Qg4 Qd7 13. h5 e5 14. Qg3 gxh5 15. dxe5 dxe5 16. Rxh5 e4 17. Bc2 Na6 18. Bd2 0-0-0 19. Bc3 e5 20. Qh3 Nb4 21. Bb3 Nd3+ 22. Kf1 Bb5 23. Qxd7+ Rxd7 24. Na3 Bxa3 0-1

[Event "Aragon-chT"]
[Site "Aragon"]
[Date "2003.03.01"]
[Round "6"]
[White "Bayod Rubia, Angel"]
[Black "Jario Garcia, Ricardo Javier"]
[Result "1/2-1/2"]
[WhiteElo "2065"]
[BlackElo "2157"]
[PlyCount "80"]
[EventDate "2003.02.??"]
[EventType "team"]
[EventRounds "9"]
[EventCountry "ESP"]
[SourceTitle "EXT 2004"]
[Source "ChessBase"]
[SourceDate "2003.11.25"]
[SourceVersion "1"]
[SourceVersionDate "2003.11.25"]
[SourceQuality "1"]

1. e4 e5 2. Nf3 Nf6 3. d3 c6 4. Be2 Be7 5. 0-0 Qc7 6. c4 0-0 7. Nc3 a6 8. d4 d6 9. h3 b5 10. a3 Nbd7 11. Be3 bxc4 12. dxe5 dxe5 13. Bxc4 Rb8 14. Qc2 Bc5 15. Nd1 Qb6 16. b4 Bxe3 17. Nxe3 c5 18. Rfb1 Bb7 19. Ng5 h6 20. Nxf7 Kh7 21. Nd5 Nxd5 22. exd5+ g6 23. d6 Qc6 24. f3 cxb4 25. Rc1 Kg7 26. Qf2 Rbc8 27. Qe3 Qb6 28. Qxb6 Nxb6 29. Nxe5 Rfd8 30. axb4 Rxd6 31. Bb3 Rd4 32. Be6 Rxc1+ 33. Rxc1 Kf6 34. Nc6 Rd6 35. Na5 Bxf3 36. Bc4 Nxc4 37. Nxc4 Rd1+ 38. Rxd1 Bxd1 39. Kf2 Bb3 40. Ne3 Be6 1/2-1/2

[Event "Aragon-chT"]
[Site "Aragon"]
[Date "2003.02.22"]
[Round "5"]
[White "Minzer, Claudio Javier"]
[Black "Jario Garcia, Ricardo Javier"]
[Result "1-0"]
[WhiteElo "2394"]
[BlackElo "2157"]
[PlyCount "59"]
[EventDate "2003.02.??"]
[EventType "team"]
[EventRounds "9"]
[EventCountry "ESP"]
[SourceTitle "EXT 2004"]
[Source "ChessBase"]
[SourceDate "2003.11.25"]
[SourceVersion "1"]
[SourceVersionDate "2003.11.25"]
[SourceQuality "1"]

1. Nf3 e6 2. c4 d5 3. g3 Nf6 4. Bg2 Be7 5. 0-0 0-0 6. b3 dxc4 7. bxc4 c5 8. Nc3 Nc6 9. Rb1 Rb8 10. d3 e5 11. Bg5 Be6 12. Nd2 Qc8 13. Qa4 Bh3 14. Bxf6 Bxf6 15. Nd5 Bxg2 16. Kxg2 b6 17. e3 Bd8 18. f3 f5 19. a3 Rb7 20. Rbe1 Rbf7 21. Nb1 Qe6 22. Nbc3 h5 23. f4 Qd7 24. Qd1 g6 25. e4 Kg7 26. fxe5 Nxe5 27. Qe2 fxe4 28. Qxe4 Ng4 29. Nf4 Bg5 30. Qxg6+ 1-0